BIBLIOTECA “JULIO CORTÁZAR”
ESCUELA AGROTÉCNICA “LIBERTADOR GENERAL SAN MARTÍN” - UNR – CASILDA

Logo Escuela Logo UNR

Geografía / (Record no. 1878)

MARC details
000 -LEADER
campo de control de longitud fija 01172nam#a22003495a#4500
001 - NÚMERO DE CONTROL
campo de control 1878
008 - DATOS DE LONGITUD FIJA--INFORMACIÓN GENERAL
campo de control de longitud fija 111011s2011####ag#a###f######001#0#spa#d
020 ## - NÚMERO INTERNACIONAL ESTÁNDAR DEL LIBRO
Número Internacional Estándar del Libro 9789500008587
080 ## - NÚMERO DE LA CLASIFICACIÓN DECIMAL UNIVERSAL
Número de la Clasificación Decimal Universal 91:373.5
084 ## - OTRO NÚMERO DE CLASIFICACIÓN
Número de clasificación G38
040 ## - FUENTE DE CATALOGACIÓN
Centro catalogador/agencia de origen AR-ClEAG
Centro/agencia transcriptor AR-ClEAG
005 - FECHA Y HORA DE LA ÚLTIMA TRANSACCIÓN
campo de control 20241107184725.0
003 - IDENTIFICADOR DE NÚMERO DE CONTROL
campo de control AR-ClEAG
100 1# - ENTRADA PRINCIPAL--NOMBRE DE PERSONA
Nombre de persona García, Patricia,
Término indicativo de función/relación compilador.
Relación com
245 10 - MENCIÓN DEL TÍTULO
Título Geografía /
Mención de responsabilidad, etc. compilado por Patricia García ; editado por Martín Vittón.
250 ## - MENCION DE EDICION
Mención de edición 1ª ed.
260 ## - PUBLICACIÓN, DISTRIBUCIÓN, ETC.
Lugar de publicación, distribución, etc. Buenos Aires :
Nombre del editor, distribuidor, etc. Ministerio de Educación de la Nación,
Fecha de publicación, distribución, etc. 2011.
300 ## - DESCRIPCIÓN FÍSICA
Extensión 39 p. :
Otras características físicas fot. col., il. ;
Dimensiones 28 cm.
490 0# - MENCIÓN DE SERIE
Mención de serie Serie para la enseñanza en el modelo 1 a 1
500 ## - NOTA GENERAL
Nota general Incluye material para uso áulico en relación al Programa "Conectar Igualdad"extendido desde el Ministerio de Educación de la Nación Argentina.
653 ## - TÉRMINO DE INDIZACIÓN--NO CONTROLADO
Término no controlado Geografía
653 ## - TÉRMINO DE INDIZACIÓN--NO CONTROLADO
Término no controlado Enseñanza de la geografía
653 ## - TÉRMINO DE INDIZACIÓN--NO CONTROLADO
Término no controlado Geografía argentina
653 ## - TÉRMINO DE INDIZACIÓN--NO CONTROLADO
Término no controlado Riachuelo - contaminación
653 ## - TÉRMINO DE INDIZACIÓN--NO CONTROLADO
Término no controlado Contaminación hídrica
653 ## - TÉRMINO DE INDIZACIÓN--NO CONTROLADO
Término no controlado Urbanismo
653 ## - TÉRMINO DE INDIZACIÓN--NO CONTROLADO
Término no controlado Dubái
653 ## - TÉRMINO DE INDIZACIÓN--NO CONTROLADO
Término no controlado Bombay
653 ## - TÉRMINO DE INDIZACIÓN--NO CONTROLADO
Término no controlado Pasos internacionales
700 1# - ENTRADA AGREGADA--NOMBRE PERSONAL
Nombre de persona Vittón, Martín,
Término indicativo de función/relación editor.
Relación edt
942 ## - ELEMENTOS DE ENTRADA SECUNDARIOS (KOHA)
Tipo de ítem Koha Libros
980 ## - EQUIVALENCIA O REFERENCIA-CRUZADA-MENCIÓN DE SERIE--NOMBRE DE PERSONA/TÍTULO [LOCAL, CANADÁ]
Enlace 2
Nombre de persona Evangelina Gallicchio
Enlace entre campo y número de secuencia 2
Información miscelánea Evangelina Gallicchio
Holdings
Estatus retirado Estado de pérdida Fuente del sistema de clasificación o colocación Estado de daño No para préstamo Biblioteca de origen Biblioteca actual Ubicación en estantería Fecha de adquisición Número de inventario Total de préstamos Signatura topográfica completa Código de barras Visto por última vez Precio de reemplazo Tipo de ítem Koha
    Clasificación decimal universal     Julio Cortázar Julio Cortázar   07/11/2024 3150   R21 91:373.5 G38 Ej.1 3150 07/11/2024 07/11/2024 Libros

Contacto

Biblioteca Julio Cortázar. Escuela Agrotécnica "Libertador San Martín". Universidad Nacional de Rosario
Dirección: Ov. Lagos 1000 - 2170 Casilda - Santa Fe - Argentina
Tel: (54) (03464) 422226.
Fax: (54) (03464) 427789.
E-Mail: biblio-eac@unr.edu.ar